Political parties and party systems / (Record no. 123382)
[ view plain ]
| 000 -LEADER | |
|---|---|
| fixed length control field | 00895nam a22002777a 4500 |
| 005 - DATE AND TIME OF LATEST TRANSACTION | |
| control field | 20170124105924.0 |
| 010 ## - LIBRARY OF CONGRESS CONTROL NUMBER | |
| LC control number | B-119547 |
| 020 ## - INTERNATIONAL STANDARD BOOK NUMBER | |
| Terms of availability | 00.00 |
| International Standard Book Number | 8178291851 |
| 035 ## - SYSTEM CONTROL NUMBER | |
| System control number | B-119547 |
| 037 ## - SOURCE OF ACQUISITION | |
| Source of stock number/acquisition | Cen Lib/Ret |
| 040 ## - CATALOGING SOURCE | |
| Original cataloging agency | DPL |
| Language of cataloging | EN |
| 082 ## - DEWEY DECIMAL CLASSIFICATION NUMBER | |
| Classification number | 324.254 |
| 245 ## - TITLE STATEMENT | |
| Title | Political parties and party systems / |
| Statement of responsibility, etc | edited by Ajay K. Mehra, D.D. Khanna [and] Gert W. Kueck |
| 260 ## - PUBLICATION, DISTRIBUTION, ETC. (IMPRINT) | |
| Place of publication, distribution, etc | New Delhi |
| Name of publisher, distributor, etc | Sage publications |
| Date of publication, distribution, etc | 2003 |
| 270 ## - ADDRESS | |
| City | New Delhi |
| Address | B-42, panchsheel encleve |
| Postal code | 110017 |
| 300 ## - PHYSICAL DESCRIPTION | |
| Extent | 420p. |
| Dimensions | 22cm(Hb) |
| 500 ## - GENERAL NOTE | |
| General note | Includes index |
| 650 ## - SUBJECT ADDED ENTRY--TOPICAL TERM | |
| Topical term or geographic name as entry element | Political parties |
| 9 (RLIN) | 1274 |
| 650 ## - SUBJECT ADDED ENTRY--TOPICAL TERM | |
| Topical term or geographic name as entry element | Party system |
| 9 (RLIN) | 5730 |
| 650 ## - SUBJECT ADDED ENTRY--TOPICAL TERM | |
| Topical term or geographic name as entry element | राजनीतिक दल |
| 9 (RLIN) | 5731 |
| 650 ## - SUBJECT ADDED ENTRY--TOPICAL TERM | |
| Topical term or geographic name as entry element | पार्टी सिस्टम |
| 9 (RLIN) | 5732 |
| 700 ## - ADDED ENTRY--PERSONAL NAME | |
| Personal name | Mehra, K. Ajay |
| 9 (RLIN) | 5715 |
| 700 ## - ADDED ENTRY--PERSONAL NAME | |
| Personal name | Khanna, D.D. |
| 9 (RLIN) | 5716 |
| 700 ## - ADDED ENTRY--PERSONAL NAME | |
| Personal name | Kueck, Gert W. |
| 9 (RLIN) | 5717 |
| 942 ## - ADDED ENTRY ELEMENTS (KOHA) | |
| Source of classification or shelving scheme | Dewey Decimal Classification |
| Koha item type | English Books |
| Classification part | 324.254 |
| Call number suffix | POL |
| Withdrawn status | Lost status | Damaged status | Not for loan | Home library | Current library | Date acquired | Source of acquisition | Cost, normal purchase price | Total Checkouts | Total Renewals | Full call number | Barcode | Date last seen | Date checked out | Copy number | Cost, replacement price | Price effective from | Koha item type |
|---|---|---|---|---|---|---|---|---|---|---|---|---|---|---|---|---|---|---|
| Central Library | Central Library | 05/06/2015 | Cen Lib/Ret | 0.00 | 6 | 1 | 324.254 POL | B-119547 | 11/12/2023 | 02/12/2023 | 1 | 0.00 | 05/06/2015 | English Books |
